000 00322nam a22001337a 4500
008 181107b xxu||||| |||| 00| 0 eng d
020 _a9780495098973
041 _aeng
080 _29th
_a316
100 _a50
101 _aSOC
245 _aIntroduction to social work and social welfare
_cZastrow, Ch
942 _2udc
_cBK
999 _c52165
_d52165